Mikroekonometria pri analýze závažných spoločenských problémov cena Bank of Sweden v ekonomickej vede na pamiatku Alfreda Nobela
Tohtoročnú Nobelovu cenu za ekonómiu získali americkí profesori James Heckman a Daniel McFadden. Predstavenie oboch laureátov, ich teórií a ich domovských univerzít. Zoznam laureátov Nobelovej ceny za ekonómiu od roku 1969. Z histórie odovzdávania Nobelových cien.
Gespeichert in:
| 1. Verfasser: | |
|---|---|
| Format: | Buchkapitel |
| Sprache: | Slowakisch |
| Schlagworte: | |
| Tags: |
Keine Tags, Fügen Sie das erste Tag hinzu!
|
MARC
| LEADER | 00000naa a2200000 4500 | ||
|---|---|---|---|
| 001 | r040021 | ||
| 005 | 20230824105952.0 | ||
| 041 | 0 | |a slo | |
| 044 | |a SK | ||
| 245 | 1 | 0 | |a Mikroekonometria pri analýze závažných spoločenských problémov |b cena Bank of Sweden v ekonomickej vede na pamiatku Alfreda Nobela |c Jaroslav Vokoun |
| 520 | |a Tohtoročnú Nobelovu cenu za ekonómiu získali americkí profesori James Heckman a Daniel McFadden. Predstavenie oboch laureátov, ich teórií a ich domovských univerzít. Zoznam laureátov Nobelovej ceny za ekonómiu od roku 1969. Z histórie odovzdávania Nobelových cien. | ||
| 610 | 2 | 0 | |a Nobelova cena |
| 610 | 2 | 0 | |a 2000 |
| 610 | 2 | 0 | |a ekonómia |
| 610 | 2 | 0 | |a ekonometria |
| 610 | 2 | 0 | |a problémy spoločenské |
| 610 | 2 | 0 | |a trh práce |
| 610 | 2 | 0 | |a individualita |
| 610 | 2 | 0 | |a rozhodovanie |
| 610 | 2 | 0 | |a Heckman, J.J. |
| 610 | 2 | 0 | |a McFadden, D.L. |
| 610 | 2 | 0 | |a história |
| 100 | 1 | |a Vokoun, Jaroslav | |